000 00359nam a2200133Ia 4500
008 240624s9999 xx 000 0 und d
041 _aeng
082 _a658.15 HOR
100 _aHORNE JAMES C VAN
245 _aFUNDAMENTALS OF FINANACIAL MANAGEMENT
260 _c2006
_aNew Delhi
_bPearson Prentice Hall
300 _axxiv, : 711 : p. : cm. ; 25
365 _cRS
999 _c4131
_d4131